Music : a practical guide for teachers : Key stages 1 & 2

Αποθηκεύτηκε σε:
Λεπτομέρειες βιβλιογραφικής εγγραφής
Κύριος συγγραφέας: Biddle, Alan
Άλλοι συγγραφείς: Dolby, Lynn
Μορφή: Βιβλίο
Γλώσσα:English
Δημοσίευση: London : John Murray, 1996
Σειρά:Key strategies
Θέματα:
Ετικέτες: Προσθήκη ετικέτας
Δεν υπάρχουν, Καταχωρήστε ετικέτα πρώτοι!

MARC

LEADER 00000nam a2200000 i 4500
001 1/87520
008 990727s1996 eng d
020 |a 0-7195-7173-1 
035 |l 10052314 
040 |a GR-MY-UA  |b gre  |e aacr 
041 0 |a eng 
082 0 |a 372.878 
100 1 |a Biddle, Alan. 
245 1 0 |a Music :  |b a practical guide for teachers : Key stages 1 & 2 /  |c Alan Biddle, Lynn Dolby 
260 |a London :   |b John Murray,   |c 1996 
300 |a 252 p. 
490 1 |a Key strategies 
650 0 0 |a School music  |x Instruction and study  |z Great Britain. 
650 0 0 |a Elementary school teaching  |z Great Britain. 
650 0 0 |a Primary schools, Curriculum, Music. 
700 1 |a Dolby, Lynn. 
830 0 |a Key strategies 
852 |a INST  |b RHODES  |e 19990727  |h 372.878 BID  |p 005400014838  |q 005400014838  |t BK  |y 0 
901 |a BIBL4-1999-2 
909 |a Ρ  |b 065580 
922 |a 4ΕΛΗ  |b 199905  |c ΚΠΣ/154  |d LEADER 
970 |z 1999/07/27  |a ΚΟΥΛΑΚΙΟΤΗ  |b ΛΙΤΣΑ